Loading...
Beliefs | 1 | 3 | 0 | 1 | 45 | 67 | 94.50 | 3 | 4 |
History - European History | 0 | 2 | 0 | 0 | 20 | 80 | 95.00 | 1 | 2 |
Social Science | 0 | 2 | 0 | 1 | 20 | 105 | 111.50 | 2 | 2 |
Literature - American Literature | 0 | 1 | 0 | 1 | 10 | 135 | 135.00 | 0 | 1 |
Other Academic | 0 | 1 | 0 | 0 | 10 | 109 | 109.00 | 0 | 1 |
Science - Other Science | 0 | 1 | 0 | 0 | 10 | 125 | 125.00 | 0 | 1 |
Visual Arts | 0 | 1 | 0 | 1 | 10 | 125 | 125.00 | 0 | 1 |
Current Events | 0 | 1 | 0 | 0 | 10 | 124 | 124.00 | 0 | 1 |
History - Ancient History | 0 | 1 | 0 | 0 | 10 | 125 | 125.00 | 1 | 1 |
Auditory Arts | 0 | 1 | 0 | 1 | 10 | 131 | 131.00 | 0 | 1 |
Science - Chemistry | 0 | 0 | 1 | 0 | -5 | 0.00 | 0 | 0 |